000 00333nam a22001457a 4500
008 210312b ||||| |||| 00| 0 eng d
020 _a9780324569490
041 _aeng
080 _28th
_a311
082 _a311
100 _a55
101 _aSTA
245 _aStatistics for Management and Economics
_cKeller, G
942 _2udc
_cBK
999 _c56468
_d56468